Fr. Conceicao Rodrigues College of Engineering

Introduction To Operations Research (Record no. 24071)

MARC details
000 -LEADER
fixed length control field 00307nam a2200133Ia 4500
082 ## - DEWEY DECIMAL CLASSIFICATION NUMBER
Classification number 519.4
100 ## - MAIN ENTRY--PERSONAL NAME
Personal name Gillett/B.E
245 ## - TITLE STATEMENT
Title Introduction To Operations Research
260 ## - PUBLICATION, DISTRIBUTION, ETC.
Name of publisher, distributor, etc. Tata McGraw Hill
Place of publication, distribution, etc. New Delhi
Date of publication, distribution, etc. 1986
300 ## - PHYSICAL DESCRIPTION
Extent 617
546 ## - LANGUAGE NOTE
Language note ENGLISH
654 ## - SUBJECT ADDED ENTRY--FACETED TOPICAL TERMS
Focus term Operations Research
942 ## - ADDED ENTRY ELEMENTS (KOHA)
Koha item type BOOK
Holdings
Withdrawn status Lost status Damaged status Not for loan Collection Home library Current library Shelving location Date acquired Source of acquisition Cost, normal purchase price Inventory number Total Checkouts Full call number Barcode Date last seen Cost, replacement price Price effective from Koha item type
        AFT Fr. Agnel's C.Rodrigues College of Engineering Fr. Agnel's C.Rodrigues College of Engineering   17/03/2023 UBS 57.00 T-719   519.4 AFT5249 17/03/2023 57.00 17/03/2023 BOOK